000 00840nam a2200217Ia 4500
003 CO-CtgCURN
005 20250407215303.0
008 190722s9999 xx 000 0 und d
040 _aCO-CtgCURN
_bspa
_ccoctgcurn
082 _a342.86
_bF715j
100 _aForero Bautista, José M.
_eautor
_97261
245 0 _aJurisprudencia constitucional :
_bprimer semestre 1995 /
_cJosé M. Forero Bautista
260 _aBogotá, Colombia :
_bEdiciones Doctrina y Ley,
_c1996
300 _a2 volúmenes ;
_c22 centímetros
521 _aAREA PROFESIONAL
590 _aPrograma de Derecho_18
650 _aDerecho constitucional y administrativo
_97262
942 _cBK
_h342.86
_iF715j
_2ddc
_n0
999 _c28483
_d28483